| Tag |
First Indicator |
Second Indicator |
Subfields |
| LEADER |
00000cam a2200000Ia 4500 |
| 001 |
in00002431813 |
| 005 |
20151109193301.0 |
| 008 |
080515s2008 gw ab b 001 0 eng d |
| 010 |
|
|
|a 2008932512
|
| 020 |
|
|
|a 9783791339665
|
| 020 |
|
|
|a 3791339664
|
| 029 |
1 |
|
|a OHX
|b har080094832
|
| 035 |
|
|
|a (OCoLC)ocn228358579
|
| 035 |
|
|
|a (OCoLC)228358579
|
| 040 |
|
|
|a BTCTA
|c BTCTA
|d ERASA
|d YDXCP
|d OHX
|d BWX
|d OCLCQ
|d UtOrBLW
|
| 049 |
|
|
|a TXAM
|
| 050 |
|
4 |
|a N6537.M44
|b V57 2008
|
| 100 |
1 |
|
|a Viso, Olga M.,
|d 1966-
|
| 245 |
1 |
0 |
|a Unseen Mendieta :
|b the unpublished works of Ana Mendieta /
|c Olga Viso.
|
| 264 |
|
1 |
|a Munich ;
|a New York :
|b Prestel,
|c [2008]
|
| 264 |
|
4 |
|c ©2008
|
| 300 |
|
|
|a 303 pages :
|b illustrations (chiefly color), maps ;
|c 31 cm.
|
| 336 |
|
|
|a text
|b txt
|2 rdacontent
|
| 337 |
|
|
|a unmediated
|b n
|2 rdamedia
|
| 338 |
|
|
|a volume
|b nc
|2 rdacarrier
|
| 504 |
|
|
|a Includes bibliographical references (pages 300-301) and index.
|
| 600 |
1 |
0 |
|a Mendieta, Ana,
|d 1948-1985.
|
| 650 |
|
0 |
|a Feminism in art.
|
| 650 |
|
0 |
|a Performance art.
|
| 700 |
1 |
|
|a Mendieta, Ana,
|d 1948-1985.
|
| 938 |
|
|
|a Baker and Taylor
|b BTCP
|n BK0007800956
|
| 938 |
|
|
|a Baker & Taylor
|b BKTY
|c 75.00
|d 56.25
|i 3791339664
|n 0007800956
|s active
|
| 938 |
|
|
|a Erasmus Boekhandel
|b ERAA
|n NTS0000004438
|
| 938 |
|
|
|a YBP Library Services
|b YANK
|n 2851047
|
| 938 |
|
|
|a Otto Harrassowitz
|b HARR
|n har080094832
|c 100.66 CAD
|
| 938 |
|
|
|a Blackwell Book Service
|b BBUS
|n R0739139
|c $75.00
|
| 945 |
|
|
|a PromptCat
|b 560519
|
| 946 |
|
|
|a stk
|
| 947 |
|
|
|a A14836686849
|
| 994 |
|
|
|a 92
|b TXA
|
| 948 |
|
|
|a cataloged
|b h
|d 2008/12/1
|h c
|e asalazar
|f 3:30:11 pm
|
| 999 |
|
|
|a MARS
|
| 999 |
f |
f |
|s fbcd8270-1256-3dee-81ae-4b42ac518ffd
|i 96a2779d-1806-33ff-a329-3f1171a387de
|t 0
|
| 952 |
f |
f |
|p normal
|a Texas A&M University
|b College Station
|c Sterling C. Evans Library
|d Evans: Library Stacks
|t 0
|e N6537.M44 V57 2008
|h Library of Congress classification
|i unmediated -- volume
|m A14836686849
|
| 998 |
f |
f |
|a N6537.M44 V57 2008
|t 0
|l Evans: Library Stacks
|